000 00437nam a22001697a 4500
005 20180813151804.0
008 160531b xxu||||| |||| 00| 0 eng d
020 _a81-203-2584-2
041 _aeng
082 _b6433
_a658.3195
100 _aCardy, Robert L.
_94792
245 _aPerfomance Management concept , skills, and exercises
260 _aNew Delhi
_bPHI,
_c2004
300 _a188p,
650 _aManagement
_9241
942 _cBK
999 _c2273
_d2272